[Event "TCh-HUN 2007-8"]
[Site "Budapest HUN"]
[Date "2008.03.16"]
[Round "8"]
[White "Sax,G"]
[Black "Berczes,C"]
[Result "1-0"]
[WhiteElo "2508"]
[BlackElo "2419"]

1.e4 c5 2.Nf3 Nc6 3.Bb5 g6 4.O-O Bg7 5.Re1 e5 6.b4 cxb4 7.a3 Nge7 8.axb4 O-O
9.c3 d5 10.d3 Qc7 11.Qb3 Rd8 12.Nbd2 h6 13.Bxc6 bxc6 14.Ra5 Be6 15.Qc2 Nc8
16.Nb3 f6 17.Nc5 Bf7 18.d4 dxe4 19.Nxe4 exd4 20.Nxd4 Re8 21.Bxh6 f5 22.Bxg7 Kxg7
23.Nxf5+ gxf5 24.Rxf5 Bg6 25.Rg5 Qf7 26.Re3 Ne7 27.Nd6 Qf6 28.Nxe8+ Rxe8
29.Rg4 Kf8 30.Qd2 Bf5 31.Qd4 Qxd4 32.Rxd4 Nd5 33.Rxe8+ Kxe8 34.Rc4 Kd7 35.Rc5 Bd3
36.h4 Kd6 37.h5 Nf6 38.h6 Ng8 39.Rh5 Nf6 40.Rg5 Nh7 41.Rg7 a6 42.g4 Ke5 43.g5 Nf8
44.Rf7 Nh7 45.f4+ Ke6 46.Rg7 Nf8 47.Kf2 Bg6 48.Ke3 Kf5 49.Rc7  1-0

[Event "TCh-HUN 2007-8"]
[Site "Budapest HUN"]
[Date "2008.03.16"]
[Round "8"]
[White "Lakos,N"]
[Black "Gyorkos,L"]
[Result "0-1"]
[WhiteElo "2317"]
[BlackElo "2389"]

1.e4 c5 2.Nf3 Nc6 3.Bb5 g6 4.Bxc6 dxc6 5.h3 Bg7 6.d3 e5 7.O-O Ne7 8.Be3 b6
9.Qc1 O-O 10.Bh6 Bxh6 11.Qxh6 f6 12.Qe3 Be6 13.Nc3 Qd7 14.Ne2 Rad8 15.h4 Nc8
16.Rfd1 Nd6 17.Nh2 Rde8 18.c3 Qf7 19.b3 f5 20.f3 Qf6 21.g3 Nf7 22.exf5 Bxf5
23.Qf2 Nd6 24.d4 cxd4 25.cxd4 e4 26.fxe4 Nxe4 27.Qg2 Bh3 28.Qxh3 Qf2+ 29.Kh1 Qxe2
30.Qg2 Nf2+  0-1

[Event "ch-Siberia"]
[Site "Novokuznetsk RUS"]
[Date "2008.03.17"]
[Round "5"]
[White "Simonov,S"]
[Black "Sitnikov,D"]
[Result "1/2-1/2"]
[WhiteElo "2317"]
[BlackElo "2415"]

1.e4 c5 2.Nf3 Nc6 3.Bb5 d6 4.Bxc6+ bxc6 5.O-O e5 6.c3 Nf6 7.d3 Be7 8.Re1 O-O
9.Nbd2 Re8 10.Nc4 Be6 11.Qa4 Qc7 12.h3 Rab8 13.a3 Qb7 14.Ng5 Qb5 15.Qxb5 cxb5
16.Na5 Bd7 17.Be3 Bd8 18.b4 Bb6 19.Nf3 Rec8 20.Rac1 h6 21.Nb3 c4 22.dxc4 bxc4
23.Nbd2 Nh5 24.Ra1 Ba4 25.Nf1 Nf4 26.Bxb6 axb6 27.Ne3 Rb7 28.Nd2 Rbc7 29.h4 g6
30.g3 Nd3 31.Reb1 Kg7 32.h5 b5 33.Kg2 Ra7 34.Kf3 Rf8 35.Ke2 f5 36.hxg6 fxe4
37.Nxe4 d5 38.Nxd5 Bc2 39.Rg1 Nf4+ 40.Nxf4 exf4 41.f3 Re7 42.gxf4 Bxe4 43.fxe4 Rxf4
44.Kd2 Rfxe4 45.Rg2 Rd7+ 46.Kc2 Re3 47.a4 Rdd3 48.Ra3 bxa4 49.Rxa4 Rxc3+
50.Kb2 Rg3 51.Rxg3 Rxg3 52.b5 Rb3+ 53.Kc2 Rxb5 54.Rxc4  1/2-1/2

[Event "ch-Siberia"]
[Site "Novokuznetsk RUS"]
[Date "2008.03.17"]
[Round "5"]
[White "Odinaev,T"]
[Black "Medvedev,E"]
[Result "1-0"]
[WhiteElo "2267"]
[BlackElo "2013"]

1.e4 c5 2.Nf3 Nc6 3.Bb5 g6 4.Bxc6 dxc6 5.d3 Bg7 6.h3 e5 7.Nbd2 Ne7 8.Nc4 f6
9.a4 Be6 10.b3 Qc7 11.a5 O-O 12.O-O b5 13.Ne3 Rad8 14.Qe2 g5 15.Kh2 Qd7 16.Ng1 Ng6
17.g3 h5 18.Qxh5 Kf7 19.Qf3 g4 20.hxg4 Rh8+ 21.Kg2 Rh7 22.Nh3 Bh6 23.Nf5 Bxc1
24.Raxc1 Rdh8 25.Rh1 Kg8 26.Qe3 Bxf5 27.gxf5 Ne7 28.f3 Qd4 29.Qxd4 cxd4 30.c3 dxc3
31.Rxc3 a6 32.Nf2 Rxh1 33.Nxh1 Kf7 34.Nf2 Rc8 35.Rc5 Rc7 36.f4 Nc8 37.fxe5 fxe5
38.Ng4 Nd6 39.Rxc6 Rxc6 40.Nxe5+ Kf6 41.Nxc6 Nb7 42.b4  1-0

[Event "ch-SRB"]
[Site "Mataruska Banja SRB"]
[Date "2008.03.18"]
[Round "4"]
[White "Velickovic,Sa"]
[Black "Kovacevic,A"]
[Result "1/2-1/2"]
[WhiteElo "2401"]
[BlackElo "2575"]

1.e4 c5 2.Nf3 Nc6 3.Bb5 Nf6 4.Qe2 Qc7 5.c3 a6 6.Ba4 e5 7.d3 Be7 8.Nbd2 O-O
9.O-O b5 10.Bb3 Nh5 11.g3 d6 12.Ne1 Nf6 13.Ng2 Na5 14.Bc2 d5 15.exd5 Nxd5
16.Re1 Bb7 17.Qxe5 Qc6 18.Qe4 Rae8 19.Nb3 Bd8 20.Nxa5 Bxa5 21.Qf3 Rxe1+ 22.Nxe1 Re8
23.Ng2 Nxc3 24.Qxc6 Ne2+ 25.Kf1 Bxc6 26.Be3 Nd4 27.Bxd4 cxd4 28.Bb3 g5 29.a4 Rb8
30.axb5 Bxb5 31.Bc4 Bxc4 32.dxc4 Bd2 33.Rxa6 Rxb2 34.Rd6 Bc3 35.c5 Bb4 36.Rd8+ Kg7
37.c6 Ba5 38.Rd5 Bb6 39.Rxg5+ Kf6 40.Rd5 Rc2 41.Nf4 Rxc6 42.h4 h6 43.Kg2 Bc7
44.Ne2 Bb6 45.Kf3 Ke7 46.Nf4 Bc7 47.Nd3 Bb6 48.Rb5 Kf8 49.Ke4 Re6+ 50.Kf5 Kg7
51.Nf4 Rc6 52.Ke4 Kh7 53.Rd5 Kg8 54.Rd7 Kf8 55.g4 Rc2 56.f3 Rc6 57.Nd3 Ke8
58.Rb7 Re6+ 59.Kf5 Bd8 60.Rb8 Ke7 61.g5 hxg5 62.hxg5 Re3 63.Rb7+ Kd6 64.Nf4 Re5+
65.Kg4 Rxg5+ 66.Kh3 f6 67.Rb4 Kc5 68.Nd3+ Kd5 69.Nf4+ Ke5 70.Nd3+ Kd5 71.Nf4+  1/2-1/2

[Event "V U20 Int"]
[Site "Los Llanos de Aridane ESP"]
[Date "2008.03.19"]
[Round "7"]
[White "Garcia Ortega Mendez,J"]
[Black "De Nacimiento Montano,Ang"]
[Result "1-0"]
[WhiteElo "2176"]
[BlackElo "2106"]

1.e4 c5 2.Nf3 Nc6 3.Bb5 Nd4 4.Bc4 e6 5.Nc3 Ne7 6.Nxd4 cxd4 7.Ne2 Nc6 8.d3 d5
9.exd5 exd5 10.Bb3 Bd6 11.O-O Qc7 12.f4 Be6 13.Ba4 O-O 14.h3 f5 15.Bxc6 Qxc6
16.Nxd4 Bc5 17.Be3 Qb6 18.c3 Qxb2 19.Qf3 Bf7 20.Rfc1 Rac8 21.Nxf5 Bxe3+ 22.Qxe3 Rxc3
23.Re1  1-0

[Event "ch-Siberia"]
[Site "Novokuznetsk RUS"]
[Date "2008.03.19"]
[Round "7"]
[White "Barlakov,A"]
[Black "Kolotilin,Y"]
[Result "1-0"]
[WhiteElo "2263"]
[BlackElo "2320"]

1.e4 c5 2.Nf3 Nc6 3.Bb5 Na5 4.d4 a6 5.Be2 cxd4 6.Nxd4 e5 7.Nf3 Nc6 8.O-O Nf6
9.Bg5 Be7 10.Nc3 O-O 11.Qd2 Ne8 12.Be3 d6 13.Rad1 Be6 14.Ng5 Bxg5 15.Bxg5 f6
16.Be3 Rc8 17.Nd5 Ne7 18.c4 Bxd5 19.exd5 f5 20.f4 Ng6 21.fxe5 Nxe5 22.c5 Qd7
23.b4 Nf6 24.Bd4 Ne4 25.Qe3 Rce8 26.Bf3 dxc5 27.Bxe5 Rxe5 28.bxc5 Rfe8 29.Qd4 Ng5
30.d6 Nxf3+ 31.Rxf3 h5 32.h3 Kh7 33.Kh2 Re4 34.Qf2 R8e5 35.Rb3 Re2 36.Qf3 R5e4
37.Rdb1 b5 38.Qxh5+ Kg8 39.Rf3 Re5 40.Rd3 Rc2 41.Qf3 Rexc5 42.Qa8+ Kh7 43.Qxa6 Re2
44.Rb4 g5 45.Rbd4 Rcc2 46.Rg3 Rxa2 47.Qb6 Kg6 48.Qc5 Rad2 49.Qd5 Rxd4 50.Qxd4 Re6
51.Qh8 Qxd6 52.Qg8+ Kf6 53.Qxg5+ Ke5 54.h4 Kd5 55.Qxf5+ Kc6 56.Kh3 Kb6 57.Rb3 Re5
58.Qf2+ Kb7 59.Qg3 Qe6+ 60.Kh2 Kb6 61.Qd3 Rc5 62.Qd8+ Kb7 63.Rg3 Rc7 64.Qd4 Rc4
65.Rg7+ Kc6 66.Qd8 Qe5+ 67.Rg3 b4 68.Qc8+ Kb5  1-0

[Event "ch-Siberia"]
[Site "Novokuznetsk RUS"]
[Date "2008.03.19"]
[Round "7"]
[White "Rogov,I"]
[Black "Chernov,M2"]
[Result "0-1"]
[WhiteElo "2006"]
[BlackElo "1946"]

1.e4 c5 2.Nf3 Nc6 3.Bb5 g6 4.O-O Bg7 5.Bxc6 bxc6 6.c4 e5 7.d3 Ne7 8.Be3 d6
9.Nc3 O-O 10.a3 a5 11.Rb1 Rb8 12.Qa4 f5 13.Bd2 fxe4 14.Nxe4 Bg4 15.Bxa5 Qd7
16.Ned2 Bh6 17.Qc2 Bxf3 18.Nxf3 Rxf3 19.gxf3 Qh3 20.f4 Qg4+ 21.Kh1 Qf3+ 22.Kg1 Bxf4
23.Rfe1 Qg4+ 24.Kf1 Nf5 25.Bc3 Bxh2 26.Re4 Ng3+ 27.Ke1 Nxe4 28.dxe4 Rf8 29.Qe2 Qh4
30.b4 Rxf2 31.Qxf2 Bg3 32.Rb2 Bxf2+ 33.Rxf2 Qxe4+  0-1

[Event "12th Neckar Open A"]
[Site "Deizisau GER"]
[Date "2008.03.20"]
[Round "1"]
[White "Fedorchuk,S"]
[Black "Farmani Anosheh,A"]
[Result "1-0"]
[WhiteElo "2652"]
[BlackElo "2129"]

1.e4 c5 2.Nf3 Nc6 3.Bb5 g6 4.Bxc6 dxc6 5.d3 Nf6 6.h3 Bg7 7.Nc3 Nd7 8.Be3 e5
9.Qd2 Qe7 10.Bh6 f6 11.Bxg7 Qxg7 12.Nh2 Nf8 13.f4 exf4 14.Qxf4 Ne6 15.Qh4 Nd4
16.O-O-O O-O 17.Rdf1 Be6 18.Ng4 f5 19.Nh6+ Kh8 20.exf5 Bxf5 21.g4 Be6 22.g5 Bf5
23.Rf2 Rae8 24.Rhf1 b5 25.Ne4 Bxe4 26.Qxe4 Nf5 27.Nxf5 gxf5 28.Rxf5 Qxg5+
29.Rxg5 Rxf1+ 30.Kd2 Rxe4 31.dxe4 Rf2+ 32.Ke3 Rxc2 33.e5 Rc1 34.Ke4 Re1+
35.Kf5 c4 36.e6 b4 37.Kf6 Rf1+ 38.Ke7 c3 39.bxc3 bxc3 40.Rc5 Rf3 41.h4 h6
42.a4 Kg7 43.a5 Rh3 44.h5 Rd3 45.Rxc6  1-0

[Event "Palace Hotel Open"]
[Site "Heviz HUN"]
[Date "2008.03.20"]
[Round "1"]
[White "Juhasz Nagy,S"]
[Black "Takacs,B"]
[Result "0-1"]
[WhiteElo "1938"]
[BlackElo "2269"]

1.e4 c5 2.Nf3 Nc6 3.Bb5 d6 4.Nc3 Bg4 5.h3 Bh5 6.Nd5 e6 7.Nf4 Bxf3 8.Qxf3 Ne7
9.O-O g6 10.c3 Bg7 11.d3 O-O 12.Bxc6 Nxc6 13.Ne2 b5 14.Qg3 Qd7 15.f4 f5 16.Be3 Rfe8
17.Rad1 Ne7 18.b3 Qc6 19.Qf3 a5 20.exf5 exf5 21.c4 d5 22.cxb5 Qxb5 23.d4 c4
24.Nc3 Qd7 25.Na4 Rad8 26.Nc5 Qc8 27.Bf2 cxb3 28.axb3 Nc6 29.Qd3 Qc7 30.g3 Rc8
31.Rc1 Qa7 32.Rfd1 Bf6 33.Qb5 Qe7 34.Na4 Qd6 35.Nb6 Nxd4 36.Nxc8 Nxb5 37.Nxd6 Nxd6
38.Rxd5 Ne4 39.Rxa5 Rb8 40.Rc7 Bd8 41.Raa7 Bxc7 42.Rxc7 Rxb3 43.Bd4 Nxg3
44.Be5 Nh5 45.Rc8+ Kf7 46.Rc7+ Ke6 47.Rxh7 Rxh3 48.Ra7 Kd5 49.Ra4 Rg3+ 50.Kf2 g5
51.Ra5+ Ke6 52.fxg5 Rxg5 53.Bh2 Nf6 54.Kf3 Rh5 55.Bb8 Rh3+ 56.Kg2 Rb3 57.Ra6+ Kf7
58.Be5 Ne4 59.Bf4 Nc5 60.Ra5 Ne6 61.Rxf5+ Kg6 62.Ra5 Nxf4+ 63.Kf2 Kf6 64.Ra6+ Kf5
65.Ra8 Ne6 66.Re8 Nd4 67.Rf8+ Ke4 68.Re8+ Kf4 69.Rf8+ Nf5 70.Ke2 Ke4 71.Re8+ Kd5
72.Rd8+ Nd6 73.Kf2 Ke5 74.Rh8 Ne4+ 75.Ke2 Nf6 76.Ra8 Kf4 77.Kd2 Ne4+ 78.Kc2 Rc3+
79.Kb2 Rc7 80.Rf8+ Ke3 81.Rd8 Nc5 82.Ka3 Rb7 83.Rd1 Nd3 84.Rh1 Kd4 85.Ka4 Nc5+
86.Ka5 Kc4 87.Rh4+ Kd5 88.Rh5+ Kd6 89.Rh6+ Ne6 90.Ka4 Kd5 91.Rh5+ Kc4 92.Ka5 Rb1
93.Ka6 Nc5+ 94.Ka7 Rb7+ 95.Ka8 Re7 96.Kb8 Kb5 97.Kc8 Kc6 98.Kb8 Na6+ 99.Ka8 Nc7+
100.Ka7 Nb5+  0-1

[Event "2nd Agzamov Memorial"]
[Site "Tashkent UZB"]
[Date "2008.03.20"]
[Round "2"]
[White "Saidov,B"]
[Black "Vovk,Y"]
[Result "1/2-1/2"]
[WhiteElo "2329"]
[BlackElo "2561"]

1.e4 c5 2.Nf3 Nc6 3.Bb5 e6 4.Nc3 Nge7 5.O-O Ng6 6.d4 cxd4 7.Nxd4 Qc7 8.Be3 a6
9.Be2 b5 10.a3 Bb7 11.Nxc6 Qxc6 12.Qd4 f5 13.Rad1 e5 14.Qd3 fxe4 15.Nxe4 d5
16.Bg4 Be7 17.Qb3 Rd8 18.Ng5 Rd6 19.Qc3 d4 20.Qxc6+ Rxc6 21.Bc1 Rxc2 22.Ne6 Nh4
23.Rfe1 Bxg2 24.Nxd4 exd4 25.Bg5 O-O 26.Bxe7 Nf3+ 27.Bxf3 Bxf3 28.Rxd4 Re8
29.Bb4 Rxe1+ 30.Bxe1 Rxb2 31.Rd8+ Kf7 32.Rd7+ Ke6 33.Ra7 Rb1 34.Kf1 g5 35.Rxa6+ Kf5
36.Ra7 h5 37.Rf7+ Ke4 38.Re7+ Kd4 39.Re3 Bd5 40.h3 Ra1 41.Ke2 Bc4+ 42.Kf3 Bd3
43.Bb4 Rh1 44.Kg2 Rc1 45.Re1 Rc2 46.Be7 Be4+ 47.Kg1 g4 48.hxg4 hxg4 49.Bb4 Ke5
50.Re3 Rc1+ 51.Re1 Rc8 52.Kf1 Kf4 53.Bd2+ Kf5 54.Ke2 Rd8 55.Rc1 Bd3+ 56.Kd1 Ke4
57.Rc6 Kf3 58.Rf6+ Kg2 59.Rf4 Kf1 60.Be3 Be2+ 61.Kc2 Bf3 62.Kc3 Ke2 63.Rd4 Re8
64.Rd2+ Ke1 65.Kd4 Re4+ 66.Kd3 Rc4 67.Bg5 Bd1 68.Rb2 Rc5 69.Bd2+ Kf1 70.Rb1 Rd5+
71.Ke3 Re5+ 72.Kf4 Rd5 73.Ke3 Re5+ 74.Kd4 Rf5 75.Rxd1+ Ke2 76.Rg1 Kxd2 77.Rxg4 Rxf2
78.Kc5 Rf3 79.Kb4 Kc2  1/2-1/2

[Event "15th Belisce Metalis Open"]
[Site "Bizovac CRO"]
[Date "2008.03.21"]
[Round "2"]
[White "Sax,G"]
[Black "Licardo,R"]
[Result "1-0"]
[WhiteElo "2509"]
[BlackElo "2178"]

1.e4 c5 2.Nf3 Nc6 3.Bb5 g6 4.Bxc6 dxc6 5.d3 Bg7 6.h3 Nf6 7.Nc3 O-O 8.Be3 Qa5
9.Qd2 Rd8 10.Bh6 c4 11.Bxg7 Kxg7 12.d4 b5 13.Qe3 c5 14.d5 e6 15.dxe6 Bxe6
16.O-O b4 17.Ne2 h6 18.Nf4 Re8 19.Rad1 Rad8 20.Rxd8 Rxd8 21.Nxe6+ fxe6 22.Ne5 Qb5
23.Qe2 Rd4 24.f3 Qb8 25.Nc6 Qc7 26.Nxd4 cxd4 27.b3 d3 28.cxd3 c3 29.d4 Nh5
30.d5 Qb6+ 31.Qf2 Nf4 32.Qxb6 axb6 33.d6 Kf7 34.Kf2 c2 35.Ke3  1-0

[Event "10th Foxwoods Open"]
[Site "Ledyard USA"]
[Date "2008.03.21"]
[Round "4"]
[White "Perelshteyn,E"]
[Black "Shibut,M"]
[Result "1-0"]
[WhiteElo "2551"]
[BlackElo "2296"]

1.e4 c5 2.Nf3 Nc6 3.Bb5 e6 4.Bxc6 bxc6 5.d3 Ne7 6.Ng5 f6 7.Nh3 g6 8.Be3 d6
9.Qd2 e5 10.f4 exf4 11.Nxf4 Bg7 12.Nc3 Rb8 13.b3 Qa5 14.O-O d5 15.exd5 f5
16.d4 Nxd5 17.Nfxd5 cxd5 18.Rad1 c4 19.Bf4 Rb7 20.Rfe1+ Kf7 21.Ne4 Qxd2 22.Nd6+ Kf6
23.Rxd2 Rd7 24.Rde2  1-0

[Event "20th Festival"]
[Site "Lenk SUI"]
[Date "2008.03.21"]
[Round "2"]
[White "Muheim,Sebastian"]
[Black "Zanetti,B"]
[Result "1-0"]
[WhiteElo "2055"]
[BlackElo "2006"]

1.e4 c5 2.Nf3 Nc6 3.Bb5 e5 4.O-O d6 5.c3 Be7 6.d4 cxd4 7.cxd4 exd4 8.Nxd4 Bd7
9.Nc3 Nf6 10.Bf4 O-O 11.Qd2 Nxd4 12.Qxd4 a6 13.Bc4 Qc7 14.Rfd1 Nh5 15.Nd5  1-0

[Event "SCT Ladies Open"]
[Site "Stockholm SWE"]
[Date "2008.03.21"]
[Round "3"]
[White "Muzychuk,M"]
[Black "Maksimovic,S"]
[Result "1-0"]
[WhiteElo "2357"]
[BlackElo "2264"]

1.e4 c5 2.Nf3 Nc6 3.Bb5 g6 4.O-O Bg7 5.c3 e5 6.d4 cxd4 7.cxd4 exd4 8.Bf4 Nge7
9.Bd6 a6 10.Bc4 O-O 11.Nbd2 b6 12.Nb3 Bb7 13.Bd5 Na5 14.Nxa5 Bxd5 15.exd5 bxa5
16.Rc1 Re8 17.Bc7 Qc8 18.Be5 Qb7 19.Bxg7 Kxg7 20.Qxd4+ f6 21.Rfd1 Rac8 22.Rxc8 Nxc8
23.h4 Nd6 24.b3 Re2 25.Qc5 Nf5 26.g4 Ne7 27.Kf1 Re4 28.Rd4 d6 29.Qxd6 Rxd4
30.Nxd4 Qb4 31.Qxb4  1-0

[Event "SCT Ladies Open"]
[Site "Stockholm SWE"]
[Date "2008.03.21"]
[Round "3"]
[White "Muzychuk,A"]
[Black "Molchanova,T"]
[Result "1-0"]
[WhiteElo "2460"]
[BlackElo "2365"]

1.e4 c5 2.Nf3 Nc6 3.Bb5 g6 4.O-O Bg7 5.c3 a6 6.Bxc6 dxc6 7.d4 cxd4 8.cxd4 Nf6
9.Nc3 O-O 10.h3 b5 11.Re1 Bb7 12.e5 Nd7 13.e6 Nb6 14.exf7+ Rxf7 15.Ng5 Rf5
16.Ne6 Qd7 17.Nxg7 Kxg7 18.Ne4 Rd8 19.Qg4 Bc8 20.Bg5 Nd5 21.Qh4 Rf7 22.Re2 Re8
23.Rae1 Kg8 24.Nc3 Nxc3 25.bxc3 e6 26.Bf6 Ref8 27.Be5 Qd5 28.f3 Qd8 29.Qh6 Qe7
30.Re4 Rf5 31.Rg4 Qf7 32.h4 Re8 33.h5 Qf8 34.Rxg6+  1-0

[Event "Doeberl Cup"]
[Site "Canberra AUS"]
[Date "2008.03.22"]
[Round "5"]
[White "Lazarus,B"]
[Black "Goldenberg,I"]
[Result "0-1"]
[WhiteElo "2143"]
[BlackElo "2395"]

1.e4 c5 2.Nf3 Nc6 3.Bb5 g6 4.O-O Bg7 5.Bxc6 bxc6 6.Re1 d6 7.c3 Nh6 8.h3 O-O
9.d4 cxd4 10.cxd4 f6 11.Nc3 Nf7 12.b3 Bd7 13.Be3 f5 14.Rc1 fxe4 15.Nxe4 Qa5
16.Ned2 Rae8 17.Nc4 Qd5 18.Kh2 Nd8 19.Ng1 Ne6 20.Ne2 Qf5 21.Ng3 Qd5 22.Ne2 Bc8
23.Qd2 Bb7 24.Nc3 Qf5 25.Ne2 Ba8 26.Red1 c5 27.dxc5 d5 28.Na5 d4 29.Nxd4 Nxd4
30.Bxd4 Rd8 31.Qe3 Rxd4 32.Rxd4 Qe5+ 33.Kg1 Qxd4 34.c6 Qd5 35.b4 Bd4 36.Rd1 Rxf2
37.Kxf2 Bxe3+  0-1

[Event "2nd Agzamov Memorial"]
[Site "Tashkent UZB"]
[Date "2008.03.22"]
[Round "3"]
[White "Glek,I"]
[Black "Galyamov,V"]
[Result "1-0"]
[WhiteElo "2546"]
[BlackElo "2269"]

1.e4 c5 2.Nf3 Nc6 3.Bb5 a6 4.Bxc6 dxc6 5.d3 Bg4 6.h3 Bxf3 7.Qxf3 e5 8.Qg3 f6
9.f4 Qc7 10.fxe5 Qxe5 11.Qxe5+ fxe5 12.Nd2 Bd6 13.Nc4 Bc7 14.Be3 b6 15.O-O Ne7
16.a3 Rf8 17.Rxf8+ Kxf8 18.b4 b5 19.Na5 cxb4 20.axb4 Bxa5 21.Rxa5 Kf7 22.Kf2 Ng6
23.c3 Ke6 24.d4 Nf8 25.g4 Nd7 26.Ke2 Ke7 27.Ra1 Ke6 28.Kd3 Ke7 29.Ra2 Ke6
30.Ra5 Kd6 31.d5 c5 32.c4 bxc4+ 33.Kxc4 cxb4 34.g5 Kc7 35.Kxb4 Kb7 36.Ra1 Rf8
37.Rb1 Rf3 38.Rb3 Rxh3 39.Ka5+ Kc8 40.Rc3+ Kb7 41.d6 Rxe3 42.Rxe3 Kc6 43.Rh3 Kxd6
44.Rxh7 Nc5 45.Rxg7 Nxe4 46.g6 Nf6 47.Ra7 e4 48.Kb4 Ke5 49.g7 e3 50.Kc3  1-0

[Event "15th Belisce Metalis Open"]
[Site "Bizovac CRO"]
[Date "2008.03.23"]
[Round "6"]
[White "Kristovic,M"]
[Black "Licardo,R"]
[Result "1-0"]
[WhiteElo "2327"]
[BlackElo "2178"]

1.e4 c5 2.Nf3 Nc6 3.Bb5 g6 4.c3 Bg7 5.O-O Nf6 6.Re1 O-O 7.d4 cxd4 8.cxd4 d6
9.h3 a6 10.Ba4 b5 11.Bb3 Bb7 12.Nc3 Na5 13.Bc2 Rc8 14.Bd3 Qd7 15.Bg5 Nc4
16.Qe2 h6 17.Bxf6 Bxf6 18.a4 Bg7 19.axb5 axb5 20.b3 Ne5 21.dxe5 Rxc3 22.Bxb5 Bc6
23.Bc4 d5 24.exd5 Bxd5 25.Qd2 Rxf3 26.Bxd5 e6 27.gxf3 exd5 28.Kg2 Rd8 29.Ra6 Qb5
30.Rd6 Rxd6 31.exd6 d4 32.Re4 Qd5 33.Qb4 h5 34.h4 Bf6 35.Re8+ Kg7 36.d7  1-0

[Event "Victor Ciocaltea mem"]
[Site "Bucharest ROM"]
[Date "2008.03.23"]
[Round "9"]
[White "Baratosi,D"]
[Black "Raceanu,V"]
[Result "1-0"]
[WhiteElo "2441"]
[BlackElo "2407"]

1.e4 c5 2.Nf3 Nc6 3.Bb5 Nf6 4.Bxc6 dxc6 5.d3 Nd7 6.Nc3 e5 7.Be3 Bd6 8.O-O Nf8
9.h3 Ne6 10.Ne2 O-O 11.Nh2 a5 12.a4 b6 13.Kh1 Ra7 14.f4 exf4 15.Nxf4 Nxf4
16.Bxf4 Bxf4 17.Rxf4 Be6 18.b3 Qd6 19.Qd2 f6 20.Raf1 b5 21.Qe1 Rb8 22.e5 fxe5
23.Re4 Bd5 24.Rxe5 Qg6 25.Ng4 bxa4 26.bxa4 Raa8 27.c4 h5 28.Ne3 Be6 29.Qh4 Rf8
30.Rxh5 Rxf1+ 31.Nxf1 Rf8 32.Rh8+ Kf7 33.Qf4+ Qf5 34.Qc7+ Kg6 35.Ng3 Qf4
36.Qxf4 Rxf4 37.Ra8 Kh7 38.Rxa5 Rd4 39.Ne4 Bf5 40.Rxc5 Bxe4 41.dxe4 Rxe4
42.Rxc6 Re1+ 43.Kh2 Ra1 44.Kg3 Rxa4 45.Kf4 Ra2 46.g4 Rh2 47.Kg3 Rc2 48.h4 Rc1
49.h5 Rf1 50.Kh4 Re1 51.Rc8 Re5 52.g5 Re4+ 53.Kg3 Rd4 54.c5 Rb4 55.c6 Rc4
56.Rc7 Rc5 57.Kf4 Rc4+ 58.Ke3 Rc5 59.h6  1-0

[Event "10th Foxwoods Open"]
[Site "Ledyard USA"]
[Date "2008.03.23"]
[Round "8"]
[White "Slatin,D"]
[Black "Strenzwilk,D"]
[Result "0-1"]
[WhiteElo "2052"]
[BlackElo "2121"]

1.e4 c5 2.Nf3 Nc6 3.Bb5 e6 4.O-O Nge7 5.Re1 a6 6.Bf1 d6 7.d3 Ng6 8.g3 Be7
9.Bg2 O-O 10.c3 e5 11.d4 cxd4 12.cxd4 Bg4 13.d5 Nd4 14.Qd3 Bxf3 15.Bxf3 Rc8
16.Nc3 Qc7 17.Bg4 Qc4 18.Qxc4 Rxc4 19.Rd1 b5 20.a3 Rb8 21.f3 h6 22.h4 Bd8
23.Bd2 Nb3 24.Ra2 Bb6+ 25.Kf1 Rb7 26.Ke2 Bd4 27.Ke1 Rbc7 28.Ne2 Rc2 29.Nxd4 Nxd4
30.h5 Ne7 31.f4 f5 32.fxe5 fxg4 33.exd6 Rd7 34.Bb4 Nf3+ 35.Kf1 Nc8 36.Bc3 Nxd6  0-1

[Event "ch-SRB"]
[Site "Mataruska Banja SRB"]
[Date "2008.03.23"]
[Round "8"]
[White "Sedlak,N"]
[Black "Vuckovic,Bo"]
[Result "1-0"]
[WhiteElo "2568"]
[BlackElo "2556"]

1.e4 c5 2.Nf3 Nc6 3.Bb5 d6 4.O-O Bd7 5.Re1 Nf6 6.c3 a6 7.Bf1 Bg4 8.d3 e6
9.Nbd2 Be7 10.h3 Bh5 11.g4 Bg6 12.Nh4 Nd7 13.Nxg6 hxg6 14.f4 Bh4 15.Re3 e5
16.f5 Bg5 17.Re2 b5 18.Nf3 Bxc1 19.Rxc1 g5 20.Rh2 f6 21.Kh1 Qb6 22.a4 O-O-O
23.b4 cxb4 24.axb5 axb5 25.d4 Kb7 26.Rb2 Ndb8 27.Ra1 Na6 28.c4 Nc7 29.cxb5 Nxd4
30.Nxd4 Qxd4 31.Qxd4 exd4 32.Rxb4 Ra8 33.Rd1 Rhc8 34.b6 Na6 35.Rbxd4 Nc5
36.Rxd6 Rc6 37.Bg2 Rxd6 38.Rxd6 Ra1+ 39.Kh2 Ra2 40.e5+  1-0

[Event "Jack Speigel Memorial"]
[Site "Southend ENG"]
[Date "2008.03.23"]
[Round "6"]
[White "Plaskett,J"]
[Black "Wells,P"]
[Result "1/2-1/2"]
[WhiteElo "2490"]
[BlackElo "2520"]

1.e4 c5 2.Nf3 Nc6 3.Bb5 g6 4.O-O Bg7 5.Re1 Nf6 6.Nc3 O-O 7.e5 Ne8 8.Bxc6 dxc6
9.h3 Nc7 10.d3 Ne6 11.Ne4 b6 12.Bd2  1/2-1/2

[Event "SCT Ladies Open"]
[Site "Stockholm SWE"]
[Date "2008.03.23"]
[Round "6"]
[White "Jackova,J"]
[Black "Matseyko,K"]
[Result "1-0"]
[WhiteElo "2375"]
[BlackElo "2301"]

1.e4 c5 2.Nf3 Nc6 3.Bb5 g6 4.Bxc6 dxc6 5.h3 Bg7 6.d3 Nf6 7.Nc3 O-O 8.Bf4 Nh5
9.Be3 Qd6 10.Qd2 e5 11.Bh6 Be6 12.Bxg7 Kxg7 13.Ne2 Rad8 14.Qc3 f6 15.g4 Nf4
16.Nxf4 exf4 17.g5 Qe7 18.O-O-O Kg8 19.Rdg1 f5 20.h4 c4 21.h5 Qg7 22.Ne5 gxh5
23.Rxh5 cxd3 24.cxd3 fxe4 25.dxe4 Bf7 26.Rh6 Rfe8 27.g6 Bxg6 28.Rhxg6 hxg6
29.Rxg6 Re7 30.Rxg7+ Rxg7 31.Qb3+ Kf8 32.Qe6  1-0

[Event "SCT Ladies Open"]
[Site "Stockholm SWE"]
[Date "2008.03.23"]
[Round "7"]
[White "Karlovich,A"]
[Black "Molchanova,T"]
[Result "1/2-1/2"]
[WhiteElo "2198"]
[BlackElo "2365"]

1.e4 c5 2.Nf3 Nc6 3.Bb5 g6 4.O-O Bg7 5.Re1 Nf6 6.Nc3 O-O 7.e5 Ne8 8.Bxc6 dxc6
9.h3 Nc7 10.d3 Ne6 11.Ne4 h6 12.a4 a5 13.b3 b6 14.Bb2 Ra7 15.Ned2 Nd4 16.Nc4 Be6
17.Bc3 Rd7 18.Nxd4 cxd4 19.Bd2 Ra7 20.Qf3 Qc7 21.Qf4 c5  1/2-1/2

[Event "15th Belisce Metalis Open"]
[Site "Bizovac CRO"]
[Date "2008.03.24"]
[Round "7"]
[White "Jusic,Z"]
[Black "Maras,M"]
[Result "1/2-1/2"]
[WhiteElo "2381"]
[BlackElo "2242"]

1.e4 c5 2.Nf3 Nc6 3.Bb5 d6 4.c3 Bd7 5.O-O a6 6.Ba4 c4 7.d4 cxd3 8.Qxd3 Nf6
9.Bg5 Qc7 10.Nbd2 Ne5 11.Bxd7+ Nfxd7 12.Qe2 h6 13.Bh4 g5 14.Bg3 Nxf3+ 15.Nxf3 e5
16.h4 Be7 17.c4 a5 18.Rfc1 Nc5 19.Qe3 Qc6 20.Re1 Ne6 21.Rac1 Qc5 22.Qb3 O-O-O
23.Red1 g4 24.Rd5 Qb4 25.Nd2 Qxb3 26.Nxb3 b6 27.Na1 Kb7 28.Nc2 Nc5 29.Re1 Rc8
30.Na3 h5 31.Nb5 Rh6 32.Nc3 Ne6 33.b3 Nf8 34.Nb1 Re6 35.f3 gxf3 36.Rf1 Nd7
37.Rxf3 Nf6 38.Rdd3 Rg8 39.Nc3 Rg4 40.Rde3 Bf8 41.Nd5 Nxd5 42.cxd5 Re7 43.Rf6 Rc7
44.Bf2 Be7 45.Rxf7 Bxh4 46.Rxc7+ Kxc7 47.Rc3+ Kb7 48.Rc6 Bxf2+ 49.Kxf2 Rxe4
50.Rxd6 Rd4 51.Ke3 a4  1/2-1/2

[Event "Internatonal Open"]
[Site "Sydney AUS"]
[Date "2008.03.25"]
[Round "8"]
[White "Hay,T"]
[Black "Illingworth,M"]
[Result "0-1"]
[WhiteElo "2310"]
[BlackElo "2152"]

1.e4 c5 2.Nf3 Nc6 3.Bb5 g6 4.O-O Bg7 5.Re1 e5 6.d3 Nge7 7.Bg5 h6 8.Bxe7 Qxe7
9.Nc3 O-O 10.Nd5 Qd8 11.c3 d6 12.a4 f5 13.Bc4 Kh8 14.exf5 gxf5 15.g3 Bd7
16.Nh4 Be8 17.f4 Qd7 18.Qf3 Bf7 19.a5 Rab8 20.a6 b5 21.Ba2 b4 22.Bc4 bxc3
23.bxc3 Rb2 24.Re2 Rfb8 25.Rae1 Rxe2 26.Qxe2 exf4 27.Nxf4 d5 28.Ba2 Bxc3
29.Rc1 Bd4+ 30.Kh1 Rb2 31.Rc2 Rxc2 32.Qxc2 Nb4 33.Qd2 Nxa6 34.Nh5 Kh7  0-1

[Event "2nd Agzamov Memorial"]
[Site "Tashkent UZB"]
[Date "2008.03.25"]
[Round "6"]
[White "Dzhumaev,M"]
[Black "Vovk,Y"]
[Result "1/2-1/2"]
[WhiteElo "2527"]
[BlackElo "2561"]

1.e4 c5 2.Nf3 Nc6 3.Bb5 e6 4.b3 Nge7 5.Bb2 f6 6.e5 fxe5 7.Nxe5 Nxe5 8.Bxe5 Ng6
9.Qh5 Qh4 10.Be2 d6 11.Bg3 Qxh5 12.Bxh5 Bd7 13.Nc3 Be7 14.O-O O-O 15.Rae1 Rad8
16.f4 Nh4 17.Bxh4 Bxh4 18.g3 Bf6 19.Ne4 e5 20.Nxd6 Bh3 21.Nxb7 Rxd2 22.Rf2 Rxf2
23.Kxf2 exf4 24.Re8 Bd4+ 25.Kf3 fxg3+ 26.Kxg3 Rxe8 27.Bxe8 Bf5 28.a4  1/2-1/2

[Event "Internatonal Open"]
[Site "Sydney AUS"]
[Date "2008.03.26"]
[Round "2"]
[White "Chandler,M"]
[Black "Dolejs,D"]
[Result "1-0"]
[WhiteElo "2540"]
[BlackElo "1969"]

1.e4 c5 2.Nf3 Nc6 3.Bb5 a6 4.Bxc6 bxc6 5.O-O d5 6.Re1 Bg4 7.d3 Nf6 8.Nbd2 e6
9.c4 Be7 10.Qa4 Qc7 11.e5 d4 12.exf6 gxf6 13.b4 h5 14.bxc5 Rd8 15.Rb1 Bxc5
16.Ba3 Bxa3 17.Qxa3 a5 18.Qc5 h4 19.h3 Rh5 20.Qb6 Qxb6 21.Rxb6 Bf5 22.Ne4 Rh6
23.c5 Ke7 24.Nd6 Bxd3 25.Nxd4 Rxd6 26.cxd6+ Kxd6 27.Rd1  1-0

[Event "Internatonal Open"]
[Site "Sydney AUS"]
[Date "2008.03.26"]
[Round "3"]
[White "Chandler,M"]
[Black "Broekhuyse,P"]
[Result "1-0"]
[WhiteElo "2540"]
[BlackElo "2130"]

1.e4 c5 2.Nf3 Nc6 3.Bb5 Qb6 4.Nc3 e6 5.O-O d6 6.d4 cxd4 7.Nxd4 Nf6 8.Be3 Qc7
9.Qf3 Bd7 10.a4 a6 11.Bd3 Be7 12.Nb3 O-O 13.a5 Ne5 14.Qg3 Nc4 15.Bxc4 Qxc4
16.Bh6 Ne8 17.Rad1 Bf6 18.Rfe1 Bxc3 19.bxc3 Rc8 20.Rxd6 Ba4 21.Rd4 Qxc3 22.Qxc3 Rxc3
23.Bd2 Bxb3 24.Bxc3 Bxc2 25.Bb4 Nf6 26.Bxf8 Kxf8 27.f3 Ke7 28.Rc1  1-0